The Art of the Illuminated Manuscript

Bibliographic Details
Main Author: Robb, David (Author)
Format: Book
Language:Undetermined
PhysicalDescription:345 s.
Published: London Thomas Yoseloff LTD 1973
Edition:1. angl. vyd.

MARC

LEADER 00000nam a2200000 a 4500
001 vtls001465549
003 SK-MaSNL
005 20260302073246.0
008 240314s1973 xx 0 und
035 |a SNK000420854 
040 |a SNK  |b slo  |c SNK  |e AACR2 
100 1 |a Robb, David  |4 aut  |9 737452 
245 1 4 |a The Art of the Illuminated Manuscript 
250 |a 1. angl. vyd. 
260 |a London  |b Thomas Yoseloff LTD  |c 1973 
300 |a 345 s. 
958 |a OND 
999 |c 1160110  |d 1162040 
952 |t P60, <04>, [BOOK], {604}  |a SNK  |b SNK  |y VYP  |7 0  |p 17A0407402  |o snkIB 36716  |i snkV 1971/77  |0 0  |1 0  |4 0  |d 2003-12-18  |l 0  |r 2005-01-02 00:00:00  |w 2026-02-24